Missing Word: Selfish Disney Songs Quiz Stats

 Plays Quiz Updated Jul 11, 2019

Score 0/18 Timer 02:00
1 Play Today
Song Title Missing Word % Correct
I _____ Can't Wait to Be KingJust
93.5%
Mine, Mine, _____Mine
92.6%
Someday My _____ Will ComePrince
91%
I'll Make a _____ Out of YouMan
90.1%
When I See an _____ FlyElephant
89.8%
I Wanna Be _____ YouLike
84.7%
In a _____ of My OwnWorld
83.5%
How _____ I'll GoFar
83.2%
You'll Be in My _____Heart
79.6%
Song Title Missing Word % Correct
When Will My Life _____?Begin
78.8%
I've Got No _____Strings
68.7%
I See the _____Light
65.1%
I _____ Say (I'm In Love)Won't
63.1%
I've Got a _____Dream
61.6%
_____ MineBaby
52.7%
Why Should I _____?Worry
41.7%
Look _____ My EyesThrough
41.5%
I'm _____Wishing
26.5%

Today's Daily Dose

Missing Word
Celine Dion

Word Ladder
Dr. Seuss Books

Quick Pick
Cities in India

Get the Picture
'A' Actresses

You're not logged in!

Compare scores with friends on all Sporcle quizzes.
OR
Log In

Sporcle TV

Today on Sporcle TV


Watch our educational content, quiz creation guides, and fun videos on Sporcle TV.

Show Comments

Extras

Top Quizzes Today


Score Distribution

Your Account Isn't Verified!

In order to create a playlist on Sporcle, you need to verify the email address you used during registration. Go to your Sporcle Settings to finish the process.

Report this User

Report this user for behavior that violates our Community Guidelines.

Details: